သၢႆၸႂ်မႁႃၽေႃးထိ / (Record no. 27719)

000 -LEADER
fixed length control field 01190nam a22002177a 4500
003 - CONTROL NUMBER IDENTIFIER
control field OSt
005 - DATE AND TIME OF LATEST TRANSACTION
control field 20260128094036.0
008 - FIXED-LENGTH DATA ELEMENTS--GENERAL INFORMATION
fixed length control field 230730b ||||| |||| 00| 0 eng d
040 ## - CATALOGING SOURCE
Transcribing agency SSBUL
041 ## - LANGUAGE CODE
Language code of text/sound track or separate title Shan
082 ## - DEWEY DECIMAL CLASSIFICATION NUMBER
Classification number 001.01
245 ## - TITLE STATEMENT
Title သၢႆၸႂ်မႁႃၽေႃးထိ /
Statement of responsibility, etc. ၸဝ်ႈၶူး Dr. ၼေႃႇၶမ်းလထမ်ႇမသႃႇမိ၊ ၸဝ်ႈၶူးၺႃႇၼသီႇရိ (ၸဝ်ႈမၢၼ်ႇတႃဢွၼ်ႇ၊ သီႇရိဢွၼ်ႇ) ၶပ်းၶိုင်-
260 ## - PUBLICATION, DISTRIBUTION, ETC.
Name of publisher, distributor, etc. ႁူင်းၽိမ်းဢိတ်ႇလိၵ်ႈမႄႈသၢႆ
Date of publication, distribution, etc. 2015
300 ## - PHYSICAL DESCRIPTION
Extent 300 ၼႃႈ
Other physical details ပႃးၶႅပ်းႁၢင်ႈ (သီ)
Dimensions 26 ၸိၼ်ႇထီႇ
500 ## - GENERAL NOTE
General note ပႃးပပ်ႉၸဝ်ႈတႃႇၼႁင်ႈၶေႃတွၵ်ႉတိူဝ်ႇၸၢႆးဢွင်ႇထုၼ်းလူႇတၢၼ်းဝႆႉပပ်ႉၼိုင်ႈ၊ မၢႆ-2529
General note S-SAT: Dr. Prof Sai Aung Tun
650 ## - SUBJECT ADDED ENTRY--TOPICAL TERM
Topical term or geographic name entry element ပႁုသုတ (တၢင်းႁူႉၵူႈလွင်ႈလွင်ႈ)
942 ## - ADDED ENTRY ELEMENTS (KOHA)
Koha item type Books (Long term)
Source of classification or shelving scheme
Source of classification or shelving scheme
Holdings
Withdrawn status Lost status Source of classification or shelving scheme Damaged status Not for loan Collection Code Permanent Location Current Location Shelving location Date acquired Total Checkouts Full call number Barcode Date last seen Copy number Price effective from Koha item type Accession
          Tai Collection Shan State Buddhist University Library Shan State Buddhist University Library Tai Shelves 30/07/2023   001.01 သၢႆ ႘႐႗(1) SH00000807 30/07/2023 1 30/07/2023 Books (Long term) ႘႐႗(1)
          Tai Collection Shan State Buddhist University Library Shan State Buddhist University Library Tai Shelves 30/07/2023   001.01 သၢႆ ႘႐႘(2) SH00000808 30/07/2023 2 30/07/2023 Books (Long term) ႘႐႘(2)
          Tai Collection Shan State Buddhist University Library Shan State Buddhist University Library Tai Shelves 30/07/2023   001.01 သၢႆ ႘႐႙(3) SH00000809 30/07/2023 3 30/07/2023 Books (Long term) ႘႐႙(3)
          Special Collections Shan State Buddhist University Library Shan State Buddhist University Library Special Collection Shelves 30/07/2023   001.01 သၢႆ ႒႕႒႙ S-SAT SH00002529 30/07/2023 4 30/07/2023 Book (Short term) ႒႕႒႙ S-SAT

Library - 09407999929
Admin Office - 09407999979
Dean Office - 09250910768
Registrar Office - 09892297154
Email - [email protected]
Shan State Buddhist University, Phaya Phyu Taunggyi, Shan State, Myanmar.